000 02353nam a2200409 i 4500
001 ebr10827101
003 CaPaEBR
006 m o d
007 cr cn|||||||||
008 140120t20142012sz a ob 001 0 eng d
020 _z9783037853412
020 _a9783038137290 (e-book)
040 _aCaPaEBR
_beng
_erda
_epn
_cCaPaEBR
035 _a(OCoLC)874147133
050 1 4 _aTK454.4.M3
_b.C456 2012eb
082 0 4 _a621.34
_223
111 2 _aChinese Symposium on Magnetic Bearings
_n(4th :
_d2011 :
_cShanghai, China)
245 1 0 _aResearch progress of magnetic levitating bearings and some advanced technology :
_bselected, peer reviewed papers from the fourth Chinese Symposium on magnetic bearings (CSMB-4, Mechatronics 2011), August 20-22, 2011, Shanghai, China /
_cedited by Xiping Wang [and five others].
264 1 _aZurich, Switzerland :
_bTrans Tech Publications,
_c2014.
264 4 _c�2012
300 _a1 online resource (261 pages) :
_billustrations (some color).
336 _atext
_2rdacontent
337 _acomputer
_2rdamedia
338 _aonline resource
_2rdacarrier
490 1 _aApplied Mechanics and Materials,
_x1662-7490 ;
_vVolume 150
504 _aIncludes bibliographical references at the end of each chapters and indexes.
588 _aDescription based on print version record.
590 _aElectronic reproduction. Palo Alto, Calif. : ebrary, 2014. Available via World Wide Web. Access may be limited to ebrary affiliated libraries.
650 0 _aMagnetic suspension
_vCongresses.
650 0 _aMagnetic bearings
_vCongresses.
655 0 _aElectronic books.
700 1 _aWang, Xiping.
776 0 8 _iPrint version:
_aChinese Symposium on Magnetic Bearings (4th : 2011 : Shanghai, China)
_tResearch progress of magnetic levitating bearings and some advanced technology : selected, peer reviewed papers from the fourth Chinese Symposium on magnetic bearings (CSMB-4, Mechatronics 2011), August 20-22, 2011, Shanghai, China.
_dZurich, Switzerland : Trans Tech Publications, c2012
_hix, 256 pages
_kApplied mechanics and materials ; Volume 150.
_x1662-7490
_z9783037853412
_w2012470081
797 2 _aebrary.
830 0 _aApplied mechanics and materials ;
_vv. 150.
856 4 0 _uhttp://site.ebrary.com/lib/rucke/Doc?id=10827101
_zAn electronic book accessible through the World Wide Web; click to view
999 _c83417
_d83417